[Event "St Petersburg Winter op"]
[Site "St Petersburg"]
[Date "2007.02.07"]
[Round "8"]
[White "Znamensky, Vladimir"]
[Black "Malofeev, Alex"]
[Result "1-0"]
[WhiteElo "2364"]
[BlackElo "2277"]
[PlyCount "99"]
[EventDate "2007.01.29"]
[EventType "swiss"]
[EventRounds "9"]
[EventCountry "RUS"]
[SourceTitle "EXT 2008"]
[Source "ChessBase"]
[SourceDate "2007.11.25"]
[SourceVersion "1"]
[SourceVersionDate "2007.11.25"]
[SourceQuality "1"]

1. d4 Nf6 2. Nf3 d5 3. c3 e6 4. Bf4 Bd6 5. Ne5 0-0 6. e3 c5 7. Nd2 Nc6 8. Bd3 Qc7 9. Ndf3 Ne4 10. Nxc6 bxc6 11. Bxe4 dxe4 12. Bxd6 Qxd6 13. Nd2 Rb8 14. Nxe4 Qd5 15. Qc2 cxd4 16. cxd4 c5 17. Nxc5 Ba6 18. f3 e5 19. Nxa6 Qa5+ 20. Kf2 Qxa6 21. b3 exd4 22. exd4 Rfd8 23. Qd2 Rd5 24. Rac1 Rbd8 25. Rc4 Qf6 26. Rd1 h5 27. Qe3 g5 28. Rd2 g4 29. f4 h4 30. Rc5 Rxd4 31. Rxd4 Qxd4 32. Qxd4 Rxd4 33. Ke3 Rd1 34. Rg5+ Kf8 35. Rxg4 Ra1 36. Rxh4 Rxa2 37. Kf3 Ra3 38. Rh8+ Ke7 39. Rb8 a5 40. Kg4 Ra2 41. Kh3 Ra3 42. g3 Kd6 43. Kg4 Kc7 44. Rf8 Rxb3 45. Rxf7+ Kb6 46. Re7 a4 47. Re8 Rb5 48. f5 a3 49. Rb8+ Ka7 50. Rxb5 1-0

[Event "St Petersburg Winter op"]
[Site "St Petersburg"]
[Date "2007.02.05"]
[Round "6"]
[White "Gnidenko, Andrey"]
[Black "Malofeev, Alex"]
[Result "1/2-1/2"]
[WhiteElo "2103"]
[BlackElo "2277"]
[PlyCount "116"]
[EventDate "2007.01.29"]
[EventType "swiss"]
[EventRounds "9"]
[EventCountry "RUS"]
[SourceTitle "EXT 2008"]
[Source "ChessBase"]
[SourceDate "2007.11.25"]
[SourceVersion "1"]
[SourceVersionDate "2007.11.25"]
[SourceQuality "1"]

1. d4 Nf6 2. c4 c5 3. d5 d6 4. Nc3 g6 5. e4 Bg7 6. Bd3 0-0 7. f4 e6 8. Nf3 exd5 9. cxd5 b5 10. 0-0 c4 11. Bc2 b4 12. Ne2 Re8 13. Ng3 Nbd7 14. Be3 Ba6 15. Re1 Ng4 16. Bd4 Bxd4+ 17. Qxd4 Qb6 18. Rad1 f6 19. Ba4 Re7 20. h3 Nh6 21. Bxd7 Rxd7 22. Kh2 Qxd4 23. Nxd4 Nf7 24. Nc6 Rb7 25. Ne2 Bb5 26. Ned4 Re8 27. Rc1 Bxc6 28. Nxc6 Rb5 29. Rxc4 a5 30. Rec1 f5 31. Nd4 Rc5 32. Rxc5 dxc5 33. Ne6 fxe4 34. Kg1 Nd6 35. Rxc5 e3 36. Kf1 Ne4 37. Rxa5 Ng3+ 38. Ke1 Rc8 39. Rc5 Ra8 40. d6 Rxa2 41. Rd5 e2 42. Kf2 Ne4+ 43. Kxe2 Nc3+ 44. Kf3 Nxd5 45. d7 Ra8 46. d8Q+ Rxd8 47. Nxd8 Nb6 48. Nc6 Nc4 49. Nxb4 Nxb2 50. Ke4 Nc4 51. g4 Kg7 52. Nd3 Nd2+ 53. Ke5 Nf3+ 54. Ke6 Ng1 55. Nf2 Ne2 56. Ke5 Ng1 57. f5 Kf7 58. f6 h6 1/2-1/2

[Event "St Petersburg Winter op"]
[Site "St Petersburg"]
[Date "2007.01.31"]
[Round "3"]
[White "Malofeev, Alex"]
[Black "Frolov, Albert"]
[Result "1/2-1/2"]
[WhiteElo "2277"]
[BlackElo "2035"]
[PlyCount "113"]
[EventDate "2007.01.29"]
[EventType "swiss"]
[EventRounds "9"]
[EventCountry "RUS"]
[SourceTitle "EXT 2008"]
[Source "ChessBase"]
[SourceDate "2007.11.25"]
[SourceVersion "1"]
[SourceVersionDate "2007.11.25"]
[SourceQuality "1"]

1. e4 c5 2. Nf3 d6 3. d4 cxd4 4. Nxd4 Nf6 5. Nc3 a6 6. Be2 e5 7. Nb3 Be6 8. 0-0 Nbd7 9. f4 Qc7 10. g4 Nc5 11. Be3 Ncxe4 12. Nxe4 Nxe4 13. Bf3 Nc5 14. Bd5 Nxb3 15. cxb3 Bxd5 16. Qxd5 Qc6 17. Qd3 Be7 18. Rac1 Qd7 19. f5 0-0 20. g5 Rfc8 21. Rc4 Rxc4 22. bxc4 Rc8 23. h4 Bf8 24. h5 b5 25. c5 Qc7 26. cxd6 Qxd6 27. Rd1 Qb4 28. g6 Qg4+ 29. Kf1 Qxh5 30. Qd7 hxg6 31. fxg6 Qf3+ 32. Bf2 Rc2 33. Qxf7+ Qxf7 34. gxf7+ Kxf7 35. Rd7+ Ke6 36. Rd8 Bc5 37. Bxc5 Rxc5 38. Ra8 Rc1+ 39. Ke2 Rc2+ 40. Ke3 Rxb2 41. Rxa6+ Kf5 42. Ra7 g5 43. Rf7+ Ke6 44. Ra7 g4 45. a4 bxa4 46. Rxa4 Kf5 47. Ra8 Rb3+ 48. Kf2 Kf4 49. Rf8+ Ke4 50. Rg8 Rf3+ 51. Kg2 Rf4 52. Kg3 Ke3 53. Re8 Re4 54. Re7 Ke2 55. Re8 Re3+ 56. Kxg4 e4 57. Re7 1/2-1/2

[Event "Petrovskaya Ladya op"]
[Site "Peterhof"]
[Date "2007.01.09"]
[Round "7"]
[White "Bocharov, Leonid"]
[Black "Malofeev, Alex"]
[Result "0-1"]
[WhiteElo "2147"]
[BlackElo "2277"]
[PlyCount "58"]
[EventDate "2007.01.03"]
[EventType "swiss"]
[EventRounds "9"]
[EventCountry "RUS"]
[SourceTitle "CBM 116 Extra"]
[Source "ChessBase"]
[SourceDate "2007.03.07"]
[SourceVersion "1"]
[SourceVersionDate "2007.03.07"]
[SourceQuality "1"]

1. e4 c6 2. Nc3 d5 3. Nf3 dxe4 4. Nxe4 Nf6 5. Nxf6+ exf6 6. Bc4 Bd6 7. Qe2+ Be7 8. 0-0 0-0 9. d4 Re8 10. Re1 Nd7 11. Bd2 Nf8 12. h3 Bf5 13. Bf4 Qd7 14. Rad1 Bb4 15. Be3 Bxe1 16. Rxe1 b5 17. Bb3 Be6 18. d5 Bxd5 19. Rd1 Ne6 20. Qd2 Qb7 21. Qb4 Bxf3 22. gxf3 c5 23. Bxc5 a5 24. Qc3 Nf4 25. Kh2 a4 26. Bd6 axb3 27. Bxf4 bxa2 28. b3 Rec8 29. Qb2 a1Q 0-1

[Event "Petrovskaya Ladya op"]
[Site "Peterhof"]
[Date "2007.01.08"]
[Round "6"]
[White "Prokuronov, Eduard"]
[Black "Malofeev, Alex"]
[Result "1-0"]
[WhiteElo "2292"]
[BlackElo "2277"]
[PlyCount "67"]
[EventDate "2007.01.03"]
[EventType "swiss"]
[EventRounds "9"]
[EventCountry "RUS"]
[SourceTitle "CBM 116 Extra"]
[Source "ChessBase"]
[SourceDate "2007.03.07"]
[SourceVersion "1"]
[SourceVersionDate "2007.03.07"]
[SourceQuality "1"]

1. d4 Nf6 2. c4 c5 3. d5 d6 4. Nc3 g6 5. e4 Bg7 6. Bd3 0-0 7. h3 e6 8. Nf3 exd5 9. exd5 Re8+ 10. Be3 a6 11. 0-0 b6 12. Re1 Ra7 13. Qd2 Rae7 14. Nh2 Nbd7 15. Nf1 Ne5 16. Be2 h6 17. f4 Ned7 18. Bd3 Nh5 19. g4 Rxe3 20. gxh5 Rxe1 21. Rxe1 Rxe1 22. Qxe1 g5 23. f5 Ne5 24. Qe2 g4 25. hxg4 Qh4 26. Ne3 Nxd3 27. Qxd3 Bd4 28. Kf1 Qh3+ 29. Ke2 Bxe3 30. Qxe3 Qxg4+ 31. Kd2 Bd7 32. Qxh6 Qd4+ 33. Ke1 Qe5+ 34. Kd2 1-0

[Event "Petrovskaya Ladya op"]
[Site "Peterhof"]
[Date "2007.01.07"]
[Round "5"]
[White "Malofeev, Alex"]
[Black "Kobzar, Alexandr"]
[Result "1/2-1/2"]
[WhiteElo "2277"]
[BlackElo "2094"]
[PlyCount "24"]
[EventDate "2007.01.03"]
[EventType "swiss"]
[EventRounds "9"]
[EventCountry "RUS"]
[SourceTitle "CBM 116 Extra"]
[Source "ChessBase"]
[SourceDate "2007.03.07"]
[SourceVersion "1"]
[SourceVersionDate "2007.03.07"]
[SourceQuality "1"]

1. e4 e5 2. Nf3 Nc6 3. Nc3 Nf6 4. Bb5 Bb4 5. 0-0 0-0 6. d3 Bxc3 7. bxc3 d6 8. Re1 Ne7 9. d4 Ng6 10. dxe5 dxe5 11. Ba3 Re8 12. Bxe8 Qxe8 1/2-1/2

[Event "Petrovskaya Ladya op"]
[Site "Peterhof"]
[Date "2007.01.06"]
[Round "4"]
[White "Mustaps, Matiss"]
[Black "Malofeev, Alex"]
[Result "0-1"]
[WhiteElo "2189"]
[BlackElo "2277"]
[PlyCount "52"]
[EventDate "2007.01.03"]
[EventType "swiss"]
[EventRounds "9"]
[EventCountry "RUS"]
[SourceTitle "CBM 116 Extra"]
[Source "ChessBase"]
[SourceDate "2007.03.07"]
[SourceVersion "1"]
[SourceVersionDate "2007.03.07"]
[SourceQuality "1"]

1. e4 c6 2. d4 d5 3. Nc3 dxe4 4. Nxe4 Nf6 5. Nxf6+ exf6 6. c3 Bd6 7. Bd3 0-0 8. Ne2 Re8 9. Qc2 h6 10. 0-0 Qe7 11. Ng3 Nd7 12. Bd2 Nf8 13. Rae1 Be6 14. c4 Red8 15. Bc3 a5 16. Kh1 b5 17. b3 Bb4 18. Bxb4 bxc4 19. bxc4 axb4 20. Rd1 Ra3 21. Qe2 Qa7 22. Qb2 Rxd3 23. Rxd3 Bxc4 24. Rdd1 Bxf1 25. Nxf1 Qa5 26. Ne3 Ne6 0-1

[Event "Petrovskaya Ladya op"]
[Site "Peterhof"]
[Date "2007.01.04"]
[Round "2"]
[White "Praude, Renate"]
[Black "Malofeev, Alex"]
[Result "1/2-1/2"]
[WhiteElo "2101"]
[BlackElo "2277"]
[PlyCount "116"]
[EventDate "2007.01.03"]
[EventType "swiss"]
[EventRounds "9"]
[EventCountry "RUS"]
[SourceTitle "CBM 116 Extra"]
[Source "ChessBase"]
[SourceDate "2007.03.07"]
[SourceVersion "1"]
[SourceVersionDate "2007.03.07"]
[SourceQuality "1"]

1. e4 c6 2. d4 d5 3. Nc3 dxe4 4. Nxe4 Nf6 5. Nxf6+ exf6 6. c3 Bd6 7. Bd3 0-0 8. Ne2 Re8 9. Qc2 h6 10. 0-0 Nd7 11. Bf4 Nf8 12. Bxd6 Qxd6 13. Ng3 Be6 14. Rfe1 Bd5 15. Nf5 Qd7 16. Re3 Rxe3 17. fxe3 g6 18. e4 gxf5 19. exd5 Qxd5 20. Bxf5 Re8 21. Qf2 Kg7 22. b3 Ng6 23. Rf1 Qd6 24. h4 h5 25. Bc2 Qe6 26. Kh1 Qe7 27. g3 Qe6 28. Kh2 Qe2 29. Bd1 Qxf2+ 30. Rxf2 Re3 31. Rf3 Re1 32. Rd3 Kh6 33. Kg2 f5 34. Kf2 Re6 35. c4 f4 36. Bf3 b6 37. d5 cxd5 38. cxd5 Rd6 39. Rd1 fxg3+ 40. Kxg3 f5 41. Re1 f4+ 42. Kh3 b5 43. Re8 b4 44. Be4 Kg7 45. Rb8 a5 46. Rb5 Ne5 47. Kg2 f3+ 48. Kf1 Kf8 49. Rxa5 Ke7 50. Ra7+ Kd8 51. Ra8+ Ke7 52. Ra7+ Kd8 53. Rh7 Rf6 54. Rxh5 Ng4 55. Rg5 Ne3+ 56. Kf2 Nd1+ 57. Kf1 Ne3+ 58. Kf2 Nd1+ 1/2-1/2

[Event "Chigorin Memorial-B 14th"]
[Site "St Petersburg"]
[Date "2006.10.25"]
[Round "4"]
[White "Malofeev, Alex"]
[Black "Ivanov, Pavel1111"]
[Result "1-0"]
[WhiteElo "2288"]
[BlackElo "2055"]
[PlyCount "43"]
[EventDate "2006.10.23"]
[EventType "swiss"]
[EventRounds "9"]
[EventCountry "RUS"]
[SourceTitle "EXT 2007"]
[Source "ChessBase"]
[SourceDate "2006.11.23"]
[SourceVersion "1"]
[SourceVersionDate "2006.11.23"]
[SourceQuality "1"]

1. e4 d6 2. d4 g6 3. Nc3 Bg7 4. Nf3 Nd7 5. Bc4 h6 6. e5 Nb6 7. Bb3 e6 8. a4 dxe5 9. Nxe5 Nf6 10. a5 Nbd5 11. a6 Nxc3 12. bxc3 0-0 13. Qf3 c6 14. 0-0 Nd7 15. Ng4 h5 16. Nh6+ Kh7 17. Nxf7 Qe8 18. axb7 Bxb7 19. Ng5+ Kh8 20. Qe4 Nf6 21. Qxe6 Qxe6 22. Nxe6 1-0